Laboratory Manual for the Examination of Water, Waste Water, and Soil / (Record no. 2549)
[ view plain ]
| 000 -LEADER | |
|---|---|
| fixed length control field | 01252nac a22002531u 4500 |
| 008 - FIXED-LENGTH DATA ELEMENTS--GENERAL INFORMATION | |
| fixed length control field | 100915t xxu||||| |||| 00| 0 eng d |
| 010 ## - LIBRARY OF CONGRESS CONTROL NUMBER | |
| LC control number | 00269164 |
| 020 ## - INTERNATIONAL STANDARD BOOK NUMBER | |
| International Standard Book Number | 5327298258 |
| 082 00 - DEWEY DECIMAL CLASSIFICATION NUMBER | |
| Classification number | 628.161 |
| Item number | RUM |
| 100 ## - MAIN ENTRY--PERSONAL NAME | |
| Personal name | Rump, Hans Hermann. |
| 9 (RLIN) | 19274 |
| 245 10 - TITLE STATEMENT | |
| Title | Laboratory Manual for the Examination of Water, Waste Water, and Soil / |
| Statement of responsibility, etc | Hans Hermann Rump ; English translation by Elisabeth J. Grayson. |
| 250 ## - EDITION STATEMENT | |
| Edition statement | 3rd, completely rev. ed. |
| 260 ## - PUBLICATION, DISTRIBUTION, ETC. (IMPRINT) | |
| Place of publication, distribution, etc | Weinheim ; |
| -- | New York : |
| Name of publisher, distributor, etc | Wiley-VCH,1999 |
| Date of publication, distribution, etc | 1999. |
| 300 ## - PHYSICAL DESCRIPTION | |
| Extent | xii, 225 p. : |
| Other physical details | ill. ; |
| Dimensions | 25 cm. |
| 504 ## - BIBLIOGRAPHY, ETC. NOTE | |
| Bibliography, etc | Includes bibliographical references (p. [217]-220) and index. |
| 650 #0 - SUBJECT ADDED ENTRY--TOPICAL TERM | |
| Topical term or geographic name as entry element | Water quality |
| General subdivision | Measurement |
| Form subdivision | Laboratory manuals. |
| 9 (RLIN) | 19275 |
| 650 #0 - SUBJECT ADDED ENTRY--TOPICAL TERM | |
| Topical term or geographic name as entry element | Sewage |
| General subdivision | Analysis |
| Form subdivision | Laboratory manuals. |
| 9 (RLIN) | 19276 |
| 650 #0 - SUBJECT ADDED ENTRY--TOPICAL TERM | |
| Topical term or geographic name as entry element | Soils |
| General subdivision | Analysis |
| Form subdivision | Laboratory manuals. |
| 9 (RLIN) | 19277 |
| 700 1# - ADDED ENTRY--PERSONAL NAME | |
| Personal name | Grayson, Elisabeth J. |
| 9 (RLIN) | 19278 |
| 856 42 - ELECTRONIC LOCATION AND ACCESS | |
| Materials specified | Publisher description |
| Uniform Resource Identifier | <a href="http://www.loc.gov/catdir/description/wiley033/00269164.html">http://www.loc.gov/catdir/description/wiley033/00269164.html</a> |
| 856 42 - ELECTRONIC LOCATION AND ACCESS | |
| Materials specified | Table of contents |
| Uniform Resource Identifier | <a href="http://www.loc.gov/catdir/toc/wiley021/00269164.html">http://www.loc.gov/catdir/toc/wiley021/00269164.html</a> |
| 942 ## - ADDED ENTRY ELEMENTS (KOHA) | |
| Item type | Book - Borrowing |
| Call number prefix | 628.161RUM |
| Source of classification or shelving scheme | Dewey Decimal Classification |
| Withdrawn status | Item status | Source of classification or shelving scheme | Damaged status | Not for loan | Vendor | Home library | Current library | Shelving location | Date acquired | Source of acquisition | Total Checkouts | Full call number | Barcode | Date last seen | Koha item type |
|---|---|---|---|---|---|---|---|---|---|---|---|---|---|---|---|
| Dewey Decimal Classification | Central Library | Central Library | First floor | 15/09/2010 | 628.161 RUM | 000001503 | 15/07/2025 | Book - Borrowing |